| 000 | 00634nam a2200145Ia 4500 | ||
|---|---|---|---|
| 008 | 250506s9999 xx 000 0 und d | ||
| 024 | _a09B-08-EE, 09B-49-EE, 09B-03-EE, 09B-27-EE & 09B-79-EE | ||
| 082 | _a621.38456072 MUH | ||
| 100 | _aMuhammad Usman Saleem, Muhammad Anas Siddiqui, Noman, Abdul ul Rehman & Sohaib | ||
| 245 | 0 | _aGPS & GSM Based Advanced Vehicle Monitoring and Information System | |
| 260 |
_aKarachi: _bUIT, _c2009 |
||
| 600 | _aElectronic Engineering | ||
| 650 | _aBachelor of Engineering (BE) | ||
| 856 |
_uhttps://drive.google.com/file/d/1H6w-cIQXzikPFI084o872B-rsyOPM6eE/view?usp=sharing _yClick here for PDF |
||
| 999 |
_c27978 _d27978 |
||